| 000 | 00533nam a22001817a 4500 | ||
|---|---|---|---|
| 003 | CEME | ||
| 005 | 20210628203257.0 | ||
| 008 | 210122b xxu||||| |||| 00| 0 eng d | ||
| 020 | _a0-9755860-1-7 | ||
| 040 | _c. | ||
| 082 | _a954.91 STR | ||
| 100 |
_aAnwar Dil _9360 |
||
| 245 | _aStrategy, diplomacy humanity, life and work of sahabzada yaqub khan | ||
| 260 |
_aISLAMABAD _bNATIONAL BOOK FOUNDATION _c2005 |
||
| 300 | _a396 P | ||
| 650 |
_aANWAR DIL . DIPLOMACY.LIFE AND WORK OF SAHABZADA YAQUB KHAN _964456 |
||
| 942 |
_cBK _2ddc |
||
| 999 |
_c572936 _d572936 |
||